MARC

LEADER 00000nbm0a2200000 4500
001 262729
005 20231101233659.0
035 |a (RuTPU)RU\TPU\book\285712 
090 |a 262729 
100 |a 20140603j2009 k y0rusy50 ca 
101 0 |a rus 
102 |a RU 
105 |a y m 001zy 
200 1 |a Юридическое лицо как субъект права (философско-методологический анализ)  |e диссертация на соискание ученой степени доктора философских наук  |e Спец. 09.00.11  |f Т. В. Мельникова  |g Сибирский государственный аэрокосмический университет им. академика М. Ф. Решетнева (СибГАУ) ; науч. рук. Н. М. Чуринов 
210 |a Красноярск  |d 2009 
215 |a 340 л. 
320 |a Библиогр.: с. 311-340 (398 назв.). 
606 1 |a Философия права  |2 stltpush  |3 (RuTPU)RU\TPU\subj\63891  |9 80823 
610 1 |a право 
610 1 |a философия 
610 1 |a научная картина мира 
610 1 |a юридическое лицо 
610 1 |a юристы 
610 1 |a юриспруденция 
610 1 |a субъекты 
610 1 |a философская картина мира 
610 1 |a правовой нигилизм 
610 1 |a социальное право 
610 1 |a универсалистская модель мира 
610 1 |a космическая модель мира 
610 1 |a диссертации 
686 |a Х0  |v LBC/SL-A  |2 rubbk 
686 |a 09.00.11  |2 oksvnk 
700 1 |a Мельникова  |b Т. В.  |g Татьяна Витальевна 
702 1 |a Чуринов  |b Н. М.  |4 727 
712 0 2 |a Сибирский государственный аэрокосмический университет им. академика М. Ф. Решетнева (СибГАУ)  |c (Красноярск)  |c (2002- )  |2 stltpush  |3 (RuTPU)RU\TPU\col\5682 
801 1 |a RU  |b 63413507  |c 20140603 
801 2 |a RU  |b 63413507  |c 20140617  |g RCR 
942 |c BK